000
00196 a2200097 4500
001
22916
100
_a
Bradman, D
245
_a
Art of Cricket
260
_a
_b
Hodder
_c
1960
090
_c
15511
_d
15511
942
_a
NUST-CAE
_c
M
_c
6127
999
_c
257989
_d
257989